The draft limited liability partnership bill: a good deal for small businesses (Record no. 62047)

MARC details
000 -LEADER
fixed length control field 00850cam a2200217 4500
001 - CONTROL NUMBER
control field ABS61723
008 - FIXED-LENGTH DATA ELEMENTS--GENERAL INFORMATION
fixed length control field 000000n1999 000 0 eng u
035 ## - SYSTEM CONTROL NUMBER
System control number (Sirsi) u103245
100 ## - MAIN ENTRY--PERSONAL NAME
Personal name Beresford, N.
245 #4 - TITLE STATEMENT
Title The draft limited liability partnership bill: a good deal for small businesses
260 ## - PUBLICATION, DISTRIBUTION, ETC.
Date of publication, distribution, etc. 1999
490 ## - SERIES STATEMENT
Series statement NLJ Practitioner
Volume/sequential designation 149(6911) 5 November 1999, 1647-1649(3)
520 ## - SUMMARY, ETC.
Summary, etc. Considers the implications of the recent Limited Liability Partnerships Bill, which aims to allow partners in a business to have their own legal status and sole responsibilty for their own wrongs.
590 ## - LOCAL NOTE (RLIN)
Local note ABS
650 ## - SUBJECT ADDED ENTRY--TOPICAL TERM
Topical term or geographic name entry element PARTNERSHIPS
650 ## - SUBJECT ADDED ENTRY--TOPICAL TERM
Topical term or geographic name entry element LIMITED LIABILITY PARTNERSHIPS
650 ## - SUBJECT ADDED ENTRY--TOPICAL TERM
Topical term or geographic name entry element LEGAL RESPONSIBILITIES
650 ## - SUBJECT ADDED ENTRY--TOPICAL TERM
Topical term or geographic name entry element SMALL BUSINESSES
690 ## - LOCAL SUBJECT ADDED ENTRY--TOPICAL TERM (OCLC, RLIN)
Topical term or geographic name as entry element MANAGEMENT-BUSINESS MANAGEMENT-PROFESSIONAL PRACTICE
942 ## - ADDED ENTRY ELEMENTS (KOHA)
Suppress in OPAC 0
Holdings
Withdrawn status Lost status Source of classification or shelving scheme Damaged status Not for loan Home library Current library Shelving location Date acquired Total Checkouts Full call number Barcode Date last seen Copy number Price effective from Koha item type
    Dewey Decimal Classification     London London Journal article 17/12/1999   ABS61723 103245-1001 06/08/2019 1 06/08/2019 Journal article